Histoire par lettre - G - Statistiques

Statistiques générales
  • Ce quiz a été pris 175 fois
  • Le résultat moyen est 11 sur 15
Statistiques - réponses
Questions Réponses % Correct
Quel homme politique indien a été le contributeur majoritaire à l'accès à l'indépendance de l'Inde en 1947 ? Mohandas Gandhi
93%
Quel est le prénom du petit garçon retrouvé noyé dans la Vologne en 1984 ? Grégory
87%
Quel dirigeant soviétique est le dernier à avoir dirigé l'URSS ? Mikhail Gorbatchev
86%
Quel homme allemand est considéré comme l'inventeur de l'imprimerie ? Johannes Gutenberg
85%
Quel cosmonaute est le premier homme à être allé dans l'espace ? Yuri Gagarine
83%
Quel autre dignitaire nazi était le Ministre de la Propagande ? Joseph Goebbels
79%
Quel révolutionnaire communiste argentin a été assassiné par la CIA en 1967 ? Ernesto Guevara
74%
Quel scientifique italien est célèbre pour avoir réalisé des observations depuis la tour de Pise ? Galilée
70%
Quel roi mage était considéré comme le roi indien ? Gaspard
69%
Qu'est-ce que la Geheime Staatspolizei ? Gestapo
66%
Quel homme d'Etat nazi, gérant la Luftwaffe, était considéré comme le bras droit d'Adolf Hitler ? Herman Goering
59%
Quelle région historique d'Europe de l'Ouest était formée entre autres de la France, la Belgique ou encore la Suisse ? Gaule
55%
Quel indien d'Amérique faisait trembler les Américains et Mexicains ? Géronimo
50%
Quel est le prénom du pape ayant réformé l'Eglise chrétienne au XIème siècle ? Grégoire
50%
Quel célèbre duc de plus de 2m a été assassiné au Château de Blois en 1588, sur ordre d'Henri III ? Duc de Guise
46%
Aucun quiz correspondant
Distribution des résultats
% des personnes avec chaque résultat
Percentile par nombre de réponses
Votre historique - résultats
Vous n’avez pas pris ce quiz